000 00650nam a2200241Ia 4500
003 OSt
005 20220925220343.0
006 a|||||r|||| 00| 0
007 ta
008 220923b |||||||| |||| 00| 0 eng d
037 _cGeneral Book
040 _aRTL
_cRTL
_beng
041 _2eng
_aeng
082 _aX9(E).3k, K9
100 _aWamsley Stuart H
_9284599
245 0 _aChemical industry handbook
250 _aEd 4th
260 _aLondon
_bMacdonald U S A
_c1969
300 _axix,467p. Bib p. 466-67
_ccm.
650 _aElectrical
942 _hX9(E).3k, K9
_cGB
_2CC
999 _c571191
_d571191